[Event "World Blitz"]
[Site "Moscow RUS"]
[Date "2007.11.21"]
[Round "1"]
[White "Kasimdzhanov,R"]
[Black "Ivanchuk,V"]
[Result "1/2-1/2"]
[WhiteElo "2690"]
[BlackElo "2787"]
[EventDate "2007.11.21"]

1. d4 d5 2. c4 dxc4 3. Nf3 Nf6 4. e3 e6 5. Bxc4 c5 6. O-O a6 7. Bb3 Be7 8.
Nc3 O-O 9. dxc5 Qxd1 10. Rxd1 Bxc5 11. Bd2 Nbd7 12. Rac1 b5 13. Ne2 Bb7 14.
Ne5 Rfc8 15. Nxd7 Nxd7 16. Ba5 Nf6 17. Nf4 Rc6 18. Nd3 Be7 19. Ne5 Rxc1 20.
Rxc1 Bd6 21. Nd3 Rc8 22. Rxc8+ Bxc8 23. f3 Nd7 24. e4 Nc5 25. Nxc5 Bxc5+
26. Kf1 Bd4 27. Bc3 Bxc3 28. bxc3 Kf8 29. Ke2 Ke7 30. e5 Kd7 31. Ke3 Kc6
32. Kd4 a5 33. a3 h6 34. f4 Kb6 35. Bc2 Bd7 36. g4 Bc6 37. g5 hxg5 38. fxg5
g6 39. Bd1 Bd7 40. h4 Bc6 41. h5 gxh5 42. Bxh5 Be8 43. Be2 Bd7 44. Bd3 Bc6
45. Bh7 Bd7 46. Bg8 Be8 47. g6 fxg6 48. Bxe6 g5 49. Ke4 Kc5 50. Kf5 b4 51.
axb4+ axb4 52. cxb4+ Kxb4 53. Kxg5 Kc5 54. Kf6 Kd4 55. Bg8 Bd7 56. Be6 Be8
57. Bf5 Bf7 58. Kxf7 1/2-1/2

[Event "World Blitz"]
[Site "Moscow RUS"]
[Date "2007.11.21"]
[Round "1"]
[White "Savchenko,B"]
[Black "Korotylev,A"]
[Result "1/2-1/2"]
[WhiteElo "2583"]
[BlackElo "2600"]
[EventDate "2007.11.21"]

1. e4 c5 2. Nf3 Nc6 3. Bb5 d6 4. O-O Bd7 5. Re1 Nf6 6. c3 a6 7. Bf1 Bg4 8.
d3 e6 9. Nbd2 Nd7 10. h3 Bh5 11. Nc4 Be7 12. Bf4 Nb6 13. Ne3 O-O 14. Bh2 d5
15. Ng4 Re8 16. Qb3 c4 17. dxc4 Na5 18. Qc2 Naxc4 19. exd5 Qxd5 20. Bd3 Bg6
21. Bxg6 hxg6 22. a4 Na5 23. Nd4 Nc6 24. Rad1 Nxd4 25. Rxd4 Qf5 26. Qb3 Bc5
27. Ne3 Qf6 28. Rd2 Rad8 29. Rxd8 Rxd8 30. Bc7 Rd2 31. Ng4 Bxf2+ 32. Kh1
Qe7 33. Nxf2 Qxc7 34. Ne4 Rd5 35. Qc2 Nc4 36. b3 Nd6 37. c4 Re5 38. Qb1 Nf5
39. g4 Nd4 40. Qd3 Nc6 41. Rf1 a5 42. c5 Rd5 43. Qf3 Ne5 44. Qf4 Qc6 45.
Kh2 Qd7 46. Kg2 Nd3 47. Qb8+ Kh7 48. h4 Nxc5 49. Ng5+ Rxg5 50. hxg5 Qd5+
51. Rf3 Nd7 52. Qh2+ Kg8 53. Kg3 Ne5 54. Re3 Qd4 55. Qe2 Nc6 56. Qd3 Qc5
57. Kh4 Qc1 58. Kg3 Qg1+ 59. Kf3 Qh1+ 60. Kg3 Qg1+ 61. Kf3 Qh1+ 62. Kg3
1/2-1/2

[Event "World Blitz"]
[Site "Moscow RUS"]
[Date "2007.11.21"]
[Round "1"]
[White "Bacrot,E"]
[Black "Ponomariov,R"]
[Result "1-0"]
[WhiteElo "2695"]
[BlackElo "2705"]
[EventDate "2007.11.21"]

1. d4 Nf6 2. c4 e6 3. Nf3 d5 4. e3 a6 5. b3 c5 6. Be2 Nc6 7. O-O cxd4 8.
exd4 dxc4 9. bxc4 Be7 10. Bb2 O-O 11. Nc3 Qa5 12. Qb3 Rd8 13. Rfd1 Qb4 14.
Qc2 Bd7 15. a3 Qb6 16. Rab1 Rac8 17. d5 Na5 18. Ne5 exd5 19. Nxd5 Nxd5 20.
Rxd5 Be6 21. Bc3 Qa7 22. Rxa5 b6 23. Ra4 Bc5 24. Bf3 Rd6 25. h3 a5 26. Be4
h6 27. Nd3 Qc7 28. Rb5 Bd7 29. Rxc5 bxc5 30. Rxa5 Qb6 31. Qb2 Qxb2 32. Nxb2
Be6 33. Rb5 Re8 34. Bf3 Bd7 35. Rxc5 Ra6 36. a4 Bxa4 37. Nxa4 Rxa4 38. Bc6
Rc8 39. Bxa4 Rxc5 40. Bb5 1-0

[Event "World Blitz"]
[Site "Moscow RUS"]
[Date "2007.11.21"]
[Round "2"]
[White "Gelfand,B"]
[Black "Kramnik,V"]
[Result "1/2-1/2"]
[WhiteElo "2736"]
[BlackElo "2785"]
[EventDate "2007.11.21"]

1. c4 Nf6 2. d4 e6 3. Nc3 Bb4 4. Qc2 O-O 5. a3 Bxc3+ 6. Qxc3 b6 7. Bg5 d6
8. e3 Nbd7 9. Ne2 Ba6 10. Qc2 c5 11. Rd1 h6 12. Bh4 Rc8 13. Qa4 Bb7 14. Nc3
cxd4 15. Rxd4 Nc5 16. Qd1 Qe7 17. b4 Ncd7 18. Nb5 d5 19. cxd5 Bxd5 20. Nxa7
Ra8 21. Nb5 Ne5 22. e4 Bc6 23. Bg3 Nfd7 24. Be2 f5 25. f4 Ng6 26. e5 Ndxe5
27. fxe5 f4 28. Bf2 Bxg2 29. Rg1 f3 30. Rd7 fxe2 31. Qd2 Qxd7 32. Qxd7 Nf4
33. Rxg2 Rad8 34. Qb7 Nd5 35. Kxe2 Nf4+ 36. Ke3 Nd5+ 37. Ke2 Nf4+ 38. Ke3
1/2-1/2

[Event "World Blitz"]
[Site "Moscow RUS"]
[Date "2007.11.21"]
[Round "2"]
[White "Adams,Mi"]
[Black "Ponomariov,R"]
[Result "1-0"]
[WhiteElo "2729"]
[BlackElo "2705"]
[EventDate "2007.11.21"]

1. e4 Nf6 2. e5 Nd5 3. d4 d6 4. Nf3 Bg4 5. Be2 e6 6. h3 Bh5 7. c4 Nb6 8.
exd6 cxd6 9. Nc3 Be7 10. O-O O-O 11. b3 d5 12. c5 Nc8 13. b4 a6 14. Ne5
Bxe2 15. Qxe2 Bf6 16. Rd1 Bxe5 17. Qxe5 Nc6 18. Qe2 N8e7 19. Bg5 Re8 20.
Rab1 h6 21. a4 a5 22. b5 Nb4 23. f4 Qc7 24. Bxe7 Rxe7 25. Qf2 Rae8 26. Rd2
f6 27. Rbd1 Rf7 28. Qf3 Qd7 29. Re1 g5 30. Rde2 Ree7 31. fxg5 hxg5 32. Qg3
Kh7 33. Nd1 Rg7 34. Nf2 f5 35. Qf3 Rg6 36. Re5 Rf7 37. Qe2 Rff6 38. Nh1 Rh6
39. Ng3 Kg7 40. Nh5+ Rxh5 41. Qxh5 Nd3 42. Qxg5+ Rg6 43. Qe3 Nxe1 44. Qxe1
Kf6 45. Qh4+ Kf7 46. Re3 Qc8 47. Qh7+ Rg7 48. Qh5+ Kf6 49. Qh4+ Kf7 50. Rg3
Qg8 51. Kh2 Ke8 52. Rxg7 Qxg7 53. Qf4 Qf6 54. h4 1-0

[Event "World Blitz"]
[Site "Moscow RUS"]
[Date "2007.11.21"]
[Round "2"]
[White "Ivanchuk,V"]
[Black "Savchenko,B"]
[Result "1-0"]
[WhiteElo "2787"]
[BlackElo "2583"]
[EventDate "2007.11.21"]

1. e4 c5 2. Nf3 g6 3. d4 cxd4 4. Nxd4 Bg7 5. c4 Nc6 6. Be3 Nf6 7. Nc3 O-O
8. Be2 d6 9. O-O Bd7 10. Nc2 Qa5 11. Kh1 Be6 12. f4 Rac8 13. Rb1 Nb4 14.
Na3 a6 15. Qd2 b5 16. cxb5 Nxa2 17. Nd5 Qxd2 18. Nxe7+ Kh8 19. Bxd2 Nxe4
20. Ba5 Rce8 21. f5 Bd7 22. Nd5 axb5 23. Ra1 Nc5 24. Bxb5 Ra8 25. f6 Rxa5
26. fxg7+ Kxg7 27. Bc4 Ne4 28. Bxa2 Rb8 29. Ne3 Be6 30. Bxe6 fxe6 31. Ra2
d5 32. Kg1 Rb3 33. Nec2 e5 34. Re1 Kf6 35. h3 Ke6 36. Re2 Ra6 37. Ne1 Ng3
38. Rd2 Nf5 39. Nf3 h6 40. Ra1 e4 41. Re1 Rab6 42. Ree2 Kf6 43. Nd4 Nxd4
44. Rxd4 Ke5 45. Red2 e3 46. Rxd5+ Ke6 47. R2d3 Rxb2 48. Nc4 Rb1+ 49. Kh2
e2 50. Re5+ Kf6 51. Rf3+ 1-0

[Event "World Blitz"]
[Site "Moscow RUS"]
[Date "2007.11.21"]
[Round "2"]
[White "Carlsen,M"]
[Black "Kasimdzhanov,R"]
[Result "1/2-1/2"]
[WhiteElo "2714"]
[BlackElo "2690"]
[EventDate "2007.11.21"]

1. c4 Nf6 2. d4 g6 3. Nf3 Bg7 4. g3 O-O 5. Bg2 d6 6. O-O Nc6 7. Nc3 a6 8.
Qd3 Nb4 9. Qd2 Nc6 10. b3 Rb8 11. d5 Na7 12. Bb2 b5 13. cxb5 axb5 14. Nd4
b4 15. Nd1 Bd7 16. Rc1 Nb5 17. Ne3 Ra8 18. Nxb5 Bxb5 19. Rc2 Rxa2 20. Qxb4
Rxb2 21. Rxb2 Qb8 22. Rc2 Nd7 23. Nc4 Nc5 24. Na5 Qb6 25. Nc6 e6 26. h4 Re8
27. dxe6 Rxe6 28. Nd4 Bxd4 29. Qxd4 Bxe2 30. Re1 Qb5 31. b4 Bd3 32. Rcc1
Nb3 33. Qc3 Nxc1 34. Rxc1 c5 1/2-1/2

[Event "World Blitz"]
[Site "Moscow RUS"]
[Date "2007.11.21"]
[Round "2"]
[White "Shirov,A"]
[Black "Grischuk,A"]
[Result "0-1"]
[WhiteElo "2739"]
[BlackElo "2715"]
[EventDate "2007.11.21"]

1. e4 e5 2. Nf3 Nc6 3. Bb5 a6 4. Ba4 Nf6 5. O-O Be7 6. Re1 b5 7. Bb3 O-O 8.
c3 d5 9. exd5 Nxd5 10. Nxe5 Nxe5 11. Rxe5 c6 12. d3 Bd6 13. Re1 Bf5 14. Qf3
Re8 15. Be3 Bxd3 16. Nd2 Bg6 17. Bd4 Rxe1+ 18. Rxe1 Qd7 19. h4 h5 20. Nf1
Nf4 21. g3 Nd3 22. Re2 Re8 23. Rd2 c5 24. Be3 c4 25. Bd1 Qe6 26. Bd4 Qh3
27. Re2 Re6 28. b3 Kh7 29. bxc4 bxc4 30. Rxe6 Qxe6 31. Ne3 Be5 32. Bxe5
Nxe5 33. Qd5 Qf6 34. Be2 Nd3 0-1

[Event "World Blitz"]
[Site "Moscow RUS"]
[Date "2007.11.21"]
[Round "3"]
[White "Rublevsky,S"]
[Black "Gelfand,B"]
[Result "1/2-1/2"]
[WhiteElo "2676"]
[BlackElo "2736"]
[EventDate "2007.11.21"]

1. e4 c5 2. Nf3 d6 3. d4 cxd4 4. Nxd4 Nf6 5. f3 e5 6. Nb3 Be7 7. c4 a5 8.
Be3 a4 9. N3d2 Qa5 10. Be2 Nc6 11. O-O O-O 12. Na3 Be6 13. Nb5 Bd8 14. Kh1
Bb6 15. Bg5 Nd7 16. Nxd6 f6 17. Bh4 Qb4 18. c5 Bxc5 19. Bc4 Bxc4 20. N2xc4
Bxd6 21. Qd5+ Kh8 22. Nxd6 Nd8 23. Rfd1 Nb6 24. Qd3 Ne6 25. Bf2 Nd4 26.
Nxb7 Nd7 27. Bxd4 exd4 28. Qxd4 Qxb7 29. Qxd7 Qxb2 30. h3 a3 31. Qd5 h6 32.
Rab1 Qc2 33. Rb7 Rab8 34. Rxb8 Rxb8 35. Qd2 Qxd2 36. Rxd2 Rb2 37. Rd8+ Kh7
38. Ra8 Rxa2 39. Kh2 h5 40. h4 Kg6 41. Ra7 1/2-1/2

[Event "World Blitz"]
[Site "Moscow RUS"]
[Date "2007.11.21"]
[Round "3"]
[White "Ponomariov,R"]
[Black "Karpov,Ana"]
[Result "1-0"]
[WhiteElo "2705"]
[BlackElo "2670"]
[EventDate "2007.11.21"]

1. d4 Nf6 2. c4 e6 3. Nf3 d5 4. Nc3 Be7 5. Bg5 h6 6. Bxf6 Bxf6 7. Qb3 c6 8.
Rd1 Nd7 9. e3 O-O 10. Bd3 Nb6 11. e4 dxc4 12. Bxc4 Nxc4 13. Qxc4 b5 14. Qb3
Ba6 15. Qa3 Qb6 16. b4 Bb7 17. Qb2 a5 18. a3 axb4 19. axb4 Qa6 20. O-O Qa3
21. Rb1 Qxb2 22. Rxb2 Ra3 23. Rc1 Rfa8 24. h3 Be7 25. e5 Rd8 26. Kf1 f5 27.
exf6 Bxf6 28. Ne4 Bxd4 29. Nxd4 Rxd4 30. Nc5 Bc8 31. Ke2 e5 32. Rd1 Bf5 33.
Rxd4 exd4 34. Rd2 d3+ 35. Nxd3 Rb3 36. Ne5 Rxb4 37. Nxc6 Re4+ 38. Kf3 Rc4
39. Ne7+ Kf7 40. Nxf5 Rc3+ 41. Ke4 b4 42. Rb2 b3 43. Nd4 Kf6 44. Rxb3 Rc4
45. Rb6+ 1-0

[Event "World Blitz"]
[Site "Moscow RUS"]
[Date "2007.11.21"]
[Round "4"]
[White "Ivanchuk,V"]
[Black "Kramnik,V"]
[Result "1-0"]
[WhiteElo "2787"]
[BlackElo "2785"]
[EventDate "2007.11.21"]

1. e4 e5 2. Nf3 Nf6 3. Nxe5 d6 4. Nf3 Nxe4 5. d4 d5 6. Bd3 Nc6 7. O-O Be7
8. Nbd2 Nxd2 9. Bxd2 Bg4 10. c3 O-O 11. Bf4 Bd6 12. Bxd6 Qxd6 13. Re1 g6
14. h3 Rae8 15. Bc2 Nb8 16. Re3 Rxe3 17. fxe3 c6 18. e4 dxe4 1-0

[Event "World Blitz"]
[Site "Moscow RUS"]
[Date "2007.11.21"]
[Round "4"]
[White "Gelfand,B"]
[Black "Bacrot,E"]
[Result "1-0"]
[WhiteElo "2736"]
[BlackElo "2695"]
[EventDate "2007.11.21"]

1. c4 e5 2. g3 c6 3. d4 d6 4. Bg2 Nd7 5. Nc3 Ngf6 6. e4 Be7 7. Nge2 O-O 8.
O-O exd4 9. Nxd4 Nc5 10. h3 Re8 11. Bf4 Bf8 12. Qc2 a5 13. Rad1 Nfd7 14.
Be3 a4 15. Nf5 Qc7 16. b4 axb3 17. axb3 Ne5 18. Nd4 Qb6 19. f4 Ned7 20. Bf2
Qb4 21. Ra1 Ra3 22. Na2 Qb6 23. Nc3 Qa5 24. Qb2 Rxa1 25. Rxa1 Qb4 26. Qc2
Nf6 27. Ra8 g6 28. Na2 Qb6 29. e5 dxe5 30. fxe5 1-0

[Event "World Blitz"]
[Site "Moscow RUS"]
[Date "2007.11.21"]
[Round "5"]
[White "Kasimdzhanov,R"]
[Black "Leko,P"]
[Result "1/2-1/2"]
[WhiteElo "2690"]
[BlackElo "2755"]
[EventDate "2007.11.21"]

1. d4 Nf6 2. c4 e6 3. Nc3 Bb4 4. Qc2 O-O 5. a3 Bxc3+ 6. Qxc3 b6 7. Bg5 Bb7
8. e3 d6 9. Ne2 Nbd7 10. Qc2 c5 11. Rd1 Qe7 12. Nc3 h6 13. Bh4 cxd4 14.
Rxd4 Rfd8 15. Qd1 Ne5 16. Bg3 Rd7 17. Nb5 Rad8 18. Nxa7 Ne4 19. Nb5 Nxg3
20. hxg3 d5 21. cxd5 Rxd5 22. Rhh4 Rc8 23. Rxd5 Bxd5 24. Rd4 Nc6 25. Rd2
Na5 26. Nc3 Bc4 27. Rd7 Qf6 28. Qd4 e5 29. Qd6 Qxd6 30. Rxd6 Bxf1 31. Kxf1
Nc4 32. Rd7 Nxb2 33. Nd5 Rc1+ 34. Ke2 Rc2+ 35. Kf3 Nc4 36. Ne7+ Kh7 37. Nf5
Kg6 38. g4 Nd2+ 39. Kg3 Ne4+ 40. Kf3 Nd2+ 41. Kg3 Ne4+ 42. Kf3 Nd2+ 1/2-1/2

[Event "World Blitz"]
[Site "Moscow RUS"]
[Date "2007.11.21"]
[Round "5"]
[White "Savchenko,B"]
[Black "Shirov,A"]
[Result "1-0"]
[WhiteElo "2583"]
[BlackElo "2739"]
[EventDate "2007.11.21"]

1. c4 e5 2. Nc3 Bb4 3. Nf3 Bxc3 4. bxc3 d6 5. d4 Qe7 6. c5 e4 7. cxd6 cxd6
8. Nd2 e3 9. fxe3 Nf6 10. g3 O-O 11. Bg2 Ng4 12. Nf1 Bf5 13. Bf3 Nd7 14.
Qb3 Nb6 15. Rg1 Rac8 16. e4 Be6 17. d5 Bd7 18. Bf4 Rc5 19. Nd2 Rfc8 20. Rc1
Nxh2 21. Be3 Rb5 22. Qa3 Nxd5 23. Bxa7 Nxf3+ 24. exf3 b6 25. c4 Ra5 26. Qb2
Rxa7 27. cxd5 Rxc1+ 28. Qxc1 Rxa2 29. Qb1 Ra6 30. Qb4 f5 31. Ke2 fxe4 32.
Nxe4 Ra4 33. Qxb6 Bg4 34. Kf2 Ra2+ 35. Ke3 Ra3+ 36. Kd2 Rxf3 37. Qb8+ Rf8
38. Qb4 Bf3 39. Re1 Bxe4 40. Qxe4 Qg5+ 41. Re3 h5 42. Qe6+ Kh7 43. Kd3 Rf5
44. Kd4 Qg4+ 45. Kc3 Qg5 46. Kd4 Rf6 47. Qe4+ Kh6 48. Kc4 Rg6 49. Kb5 Qd8
50. Qf4+ Kh7 51. Qe4 Qb8+ 52. Kc6 Qc8+ 53. Kb5 Qc5+ 54. Ka6 Kh6 55. Qf4+
Rg5 56. Re6+ Kh7 57. Qxg5 Qc8+ 58. Kb6 Qb8+ 59. Kc6 Qc8+ 60. Kxd6 Qa6+ 61.
Ke5 Qa1+ 62. Kf5 Qf1+ 63. Qf4 Qd3+ 64. Kg5 Qxd5+ 65. Qf5+ 1-0

[Event "World Blitz"]
[Site "Moscow RUS"]
[Date "2007.11.21"]
[Round "5"]
[White "Rublevsky,S"]
[Black "Ivanchuk,V"]
[Result "0-1"]
[WhiteElo "2676"]
[BlackElo "2787"]
[EventDate "2007.11.21"]

1. e4 c5 2. Nf3 d6 3. d4 cxd4 4. Nxd4 Nf6 5. f3 e6 6. c4 Nc6 7. Nc3 Be7 8.
Be3 O-O 9. Nc2 b6 10. Be2 Bb7 11. O-O Rc8 12. Bf2 Ne5 13. Ne3 Qc7 14. Qd2
Rfd8 15. Rfd1 Qb8 16. Bf1 a6 17. a4 Nfd7 18. a5 Nc5 19. Qc2 bxa5 20. Rxa5
Nc6 21. Ra3 Nb4 22. Qb1 Bc6 23. Nc2 Rd7 24. Nxb4 Qxb4 25. Na2 Qb8 26. b4
Rb7 27. Qc1 Rxb4 28. Nxb4 Qxb4 29. Ra2 Ba4 30. Qd2 a5 31. Qxb4 axb4 32.
Bxc5 Bxd1 33. Bxb4 Rb8 34. Ra7 Bf6 35. Ra6 Bd4+ 36. Kh1 h5 37. Rxd6 e5 38.
Bc3 Be2 39. Bxd4 exd4 40. Kg1 Rb1 41. Kf2 Bxf1 42. Rxd4 Rc1 43. c5 g6 44.
h4 Bb5 45. Rd5 Rc2+ 46. Kg1 Bc6 47. Re5 Kg7 48. Re7 Rxc5 49. Kf2 Rc2+ 50.
Kg1 Bb5 51. Ra7 Bc4 52. Rc7 Bb3 53. Rb7 Be6 54. Ra7 Kf6 55. Ra5 Rb2 56. Kh2
Ke7 57. Kg1 Kd6 58. Kh2 Rc2 59. Kg3 Rc5 60. Ra6+ Ke5 61. Rb6 Rc2 62. Kh2
Kf4 63. Rb1 Bc4 64. Ra1 Rf2 65. Rc1 Bb5 66. Rb1 Bf1 67. Kg1 Rxg2+ 68. Kxf1
Rg3 69. Rb4 Rxf3+ 70. Kg2 Kg4 71. e5+ Rf4 72. Rb6 Kxh4 73. e6 fxe6 74. Rxe6
g5 75. Re2 Kg4 76. Kh2 h4 77. Rg2+ Kh5 78. Ra2 Rb4 79. Ra3 Rb2+ 80. Kh1 Rb6
81. Ra5 Rb4 82. Kh2 Kg4 83. Ra2 h3 84. Ra3 Rb2+ 85. Kh1 Kh4 86. Ra4+ g4 87.
Ra3 g3 88. Ra4+ Kg5 89. Ra1 Rf2 90. Rb1 g2+ 91. Kg1 Rf3 92. Ra1 Kg4 93.
Ra4+ Kg3 94. Ra3 h2+ 0-1

[Event "World Blitz"]
[Site "Moscow RUS"]
[Date "2007.11.21"]
[Round "5"]
[White "Bacrot,E"]
[Black "Korotylev,A"]
[Result "1/2-1/2"]
[WhiteElo "2695"]
[BlackElo "2600"]
[EventDate "2007.11.21"]

1. e4 c5 2. Nf3 Nc6 3. c3 d5 4. exd5 Qxd5 5. Na3 Nf6 6. d4 cxd4 7. Nb5 Qd8
8. Nfxd4 Nxd4 9. Qxd4 Qxd4 10. cxd4 Nd5 11. Bc4 a6 12. Nd6+ exd6 13. Bxd5
Be7 14. Be3 Rb8 15. Ke2 Be6 16. Bxe6 fxe6 17. d5 exd5 18. Rhd1 Rc8 19. Rxd5
Rc2+ 20. Rd2 Rxd2+ 21. Kxd2 Bf6 22. Rc1 Kd7 23. b3 g6 24. Kd3 Re8 25. f4 d5
26. Bb6 Rc8 27. Rxc8 Kxc8 28. Bd4 Be7 29. g4 Kd7 30. f5 gxf5 31. gxf5 Bd6
32. h3 Bf8 33. a4 b5 34. axb5 axb5 35. Be5 Bc5 36. Ke2 Ke7 37. Kf3 Kf7 38.
Ke2 Ke7 39. Kd3 Kd7 40. Bd4 Bd6 41. Bg7 Bc5 42. Ke2 Ke7 43. Kf3 Kf7 44. Be5
Be7 45. Kf4 Bc5 46. Bc7 Bd4 47. Bd8 Ke8 48. Bg5 Kf7 49. Kf3 Bc5 50. Kg4 Bd4
51. Kf4 Bc3 52. Bd8 Bd4 53. Bc7 Bc3 54. Be5 Bd2+ 55. Kf3 Bb4 56. Ke3 Bc5+
57. Kd3 1/2-1/2

[Event "World Blitz"]
[Site "Moscow RUS"]
[Date "2007.11.21"]
[Round "5"]
[White "Ponomariov,R"]
[Black "Gelfand,B"]
[Result "1/2-1/2"]
[WhiteElo "2705"]
[BlackElo "2736"]
[EventDate "2007.11.21"]

1. d4 Nf6 2. c4 e6 3. Nf3 c5 4. d5 d6 5. Nc3 exd5 6. cxd5 g6 7. h3 a6 8. e4
b5 9. Bd3 Bg7 10. O-O O-O 11. Bf4 Re8 12. Re1 Ra7 13. a3 Rae7 14. Rc1 Qb6
15. b4 Nbd7 16. Qd2 Bb7 17. Bh2 Nh5 18. g4 Nhf6 19. Qf4 c4 20. Bb1 Ne5 21.
Nxe5 dxe5 22. Qd2 Ra8 23. Kg2 Ne8 24. f3 Rd7 25. Bg1 Qd8 26. Be3 Nd6 27. h4
f5 28. exf5 gxf5 29. gxf5 Qf8 30. Bc5 Bh6 31. Be3 Rg7+ 32. Kf2 Qf6 33. Bg5
Bxg5 34. hxg5 Rxg5 35. Rg1 Kh8 36. Qxg5 Qxg5 37. Rxg5 Rf8 38. f4 Bc8 39.
fxe5 Nf7 40. Rh5 Nxe5 41. Ke3 Nd3 42. Bxd3 cxd3 43. Kxd3 Rxf5 44. Rh6 Rf3+
45. Kd4 Rf4+ 46. Ke5 Rc4 47. Ne4 Kg7 48. Rh2 Bg4 49. Nf6 h5 50. d6 Kf7 51.
Nxh5 Rxc1 52. Nf4 Re1+ 53. Kd5 Bf3+ 54. Kc5 Rc1+ 55. Kd4 Rd1+ 56. Ke5 Re1+
57. Kf5 Be4+ 58. Kg5 Rg1+ 59. Kh4 Rd1 60. Re2 Bf5 61. Re7+ Kf6 62. Nh5+ Kg6
63. Nf4+ Kf6 64. Nh5+ Kg6 65. Nf4+ 1/2-1/2

[Event "World Blitz"]
[Site "Moscow RUS"]
[Date "2007.11.21"]
[Round "6"]
[White "Gelfand,B"]
[Black "Karpov,Ana"]
[Result "1/2-1/2"]
[WhiteElo "2736"]
[BlackElo "2670"]
[EventDate "2007.11.21"]

1. d4 Nf6 2. c4 e6 3. Nf3 d5 4. g3 dxc4 5. Bg2 a6 6. O-O Nc6 7. Nc3 Rb8 8.
e4 Be7 9. Qe2 b5 10. Rd1 Nb4 11. d5 Nd3 12. dxe6 Bxe6 13. Ne1 Bg4 14. f3
Be6 15. Nxd3 cxd3 16. Rxd3 Bc5+ 17. Be3 Qe7 18. e5 Nd7 19. Nd5 Bxd5 20.
Rxd5 Bxe3+ 21. Qxe3 Nb6 22. Rd3 Nc4 23. Qe2 O-O 24. f4 Rfd8 25. Rad1
1/2-1/2

[Event "World Blitz"]
[Site "Moscow RUS"]
[Date "2007.11.21"]
[Round "6"]
[White "Carlsen,M"]
[Black "Rublevsky,S"]
[Result "0-1"]
[WhiteElo "2714"]
[BlackElo "2676"]
[EventDate "2007.11.21"]

1. c4 Nf6 2. d4 c6 3. Bf4 d6 4. Nc3 Nbd7 5. Nf3 Qa5 6. Bd2 e5 7. e3 Qc7 8.
Qc2 Be7 9. g4 Nxg4 10. Rg1 Nf8 11. h3 Nf6 12. Rxg7 Ng6 13. Ng5 Rf8 14. Nxh7
Nxh7 15. Rxh7 Bd7 16. O-O-O O-O-O 17. Bd3 Nh4 18. Kb1 Nf3 19. Bc1 exd4 20.
Ne2 dxe3 21. Bxe3 Kb8 22. Bf5 Ng5 23. Bxg5 Bxg5 24. Ng3 Bf4 25. Bxd7 Qxd7
26. Qf5 Qxf5+ 27. Nxf5 Kc7 28. h4 Kd7 29. Re1 Rde8 30. Rxe8 Rxe8 31. Nd4
Ke7 32. Rh5 Be5 33. Nf3 Bf6 34. Rf5 Rh8 35. Rf4 Rh5 36. Kc2 Be5 37. Rg4 Ke6
38. a4 Kf5 39. Rg8 Kf4 40. Ne1 Rh7 41. b3 a5 42. Kd3 Bf6 43. Rb8 Bxh4 44.
Ng2+ Kf3 45. Nxh4+ Rxh4 46. Rxb7 f5 47. Ra7 Kxf2 48. Rxa5 c5 49. Ra6 Rd4+
50. Kc3 f4 51. Ra8 f3 52. a5 Rd1 53. Kb2 Re1 54. a6 Re7 55. b4 cxb4 56. Kb3
Ke2 57. Kxb4 f2 58. Rf8 f1=Q 59. Rxf1 Kxf1 60. Kb5 Rc7 0-1

[Event "World Blitz"]
[Site "Moscow RUS"]
[Date "2007.11.21"]
[Round "7"]
[White "Kasimdzhanov,R"]
[Black "Grischuk,A"]
[Result "0-1"]
[WhiteElo "2690"]
[BlackElo "2715"]
[EventDate "2007.11.21"]

1. d4 Nf6 2. c4 e6 3. Nc3 Bb4 4. Qc2 O-O 5. a3 Bxc3+ 6. Qxc3 b6 7. Bg5 Bb7
8. e3 d6 9. Ne2 Nbd7 10. Qc2 c5 11. Rd1 Rc8 12. Nc3 cxd4 13. Rxd4 Rc5 14.
Bh4 Qa8 15. Be2 d5 16. b4 Rcc8 17. O-O dxc4 18. f3 Ne5 19. Bxf6 gxf6 20.
Nb5 Qb8 21. Nd6 Rcd8 22. Rfd1 Bd5 23. Nf5 Kh8 24. Ng3 f5 25. Qc3 f6 26. Nh5
Nc6 27. R4d2 Qe5 28. Qxe5 fxe5 29. b5 Na5 30. e4 Nb3 31. Rb2 c3 32. Ra2
fxe4 33. fxe4 Bxe4 0-1

[Event "World Blitz"]
[Site "Moscow RUS"]
[Date "2007.11.21"]
[Round "7"]
[White "Bacrot,E"]
[Black "Carlsen,M"]
[Result "0-1"]
[WhiteElo "2695"]
[BlackElo "2714"]
[EventDate "2007.11.21"]

1. d4 Nf6 2. Nf3 e6 3. c4 b6 4. g3 Ba6 5. b3 b5 6. cxb5 Bxb5 7. Bg2 d5 8.
O-O Nbd7 9. Nc3 Ba6 10. a3 Bd6 11. b4 O-O 12. Re1 Bb7 13. Na4 a5 14. Nc5
Bc6 15. Rb1 axb4 16. axb4 Bb5 17. Bf4 Bxf4 18. gxf4 Ra2 19. Ne5 Nxe5 20.
dxe5 Nd7 21. Nb3 Qh4 22. Nc1 Ra3 23. Qd2 g5 24. fxg5 Nxe5 25. Rb3 Rfa8 26.
Qe3 Rxb3 27. Nxb3 Qxb4 28. Rc1 Nc4 29. Qg3 Ra3 30. Rc3 Ba4 31. Qxc7 Rxb3
32. Qd8+ Qf8 0-1

[Event "World Blitz"]
[Site "Moscow RUS"]
[Date "2007.11.21"]
[Round "8"]
[White "Grischuk,A"]
[Black "Savchenko,B"]
[Result "1-0"]
[WhiteElo "2715"]
[BlackElo "2583"]
[EventDate "2007.11.21"]

1. d4 Nf6 2. c4 e6 3. Nf3 d5 4. Nc3 Bb4 5. cxd5 exd5 6. Bg5 Nbd7 7. e3 c5
8. Bd3 c4 9. Bf5 Qa5 10. Qc2 g6 11. Bxd7+ Nxd7 12. e4 O-O 13. O-O Nb6 14.
e5 Bf5 15. Qd2 Be4 16. Bf6 Rfe8 17. a3 Bxf3 18. axb4 Qxb4 19. Qh6 1-0

[Event "World Blitz"]
[Site "Moscow RUS"]
[Date "2007.11.21"]
[Round "9"]
[White "Savchenko,B"]
[Black "Anand,V"]
[Result "0-1"]
[WhiteElo "2583"]
[BlackElo "2801"]
[EventDate "2007.11.21"]

1. e4 c5 2. Nf3 d6 3. d4 cxd4 4. Nxd4 Nf6 5. Nc3 a6 6. g3 e5 7. Nb3 Be7 8.
Bg2 O-O 9. O-O Be6 10. f4 Qc7 11. f5 Bc4 12. Rf2 Nbd7 13. g4 h6 14. h4 Nh7
15. g5 hxg5 16. hxg5 Nxg5 17. Bxg5 Bxg5 18. Qh5 Be3 19. Re1 Nf6 20. Qh4
Bxf2+ 21. Kxf2 Rfc8 22. Nd2 Qb6+ 23. Re3 Qxb2 24. Rg3 Kf8 25. Nxc4 Rxc4 26.
Qh8+ Ke7 27. Qxa8 Rxc3 28. Rxc3 Qxc3 29. Qxb7+ Nd7 30. Qxa6 Qxc2+ 31. Qe2
Qc3 32. Qg4 Nf6 33. Qxg7 Qb2+ 34. Kg3 Qxa2 35. Qg5 Qe2 36. Bf3 Qe1+ 37. Kg2
Qc3 38. Kf2 Qc5+ 39. Kg2 Qc8 40. Kf2 Qh8 41. Kg3 Kf8 42. Qd2 Qg7+ 43. Kf2
Ke7 44. Qc2 Ne8 45. Qc1 Qh8 46. Kg3 Kf6 47. Qc8 Qf8 48. Qc1 Qg7+ 49. Kf2
Qg5 50. Qc8 Ke7 51. Qb7+ Kf8 52. Qc8 Qe7 53. Kg3 Qc7 54. Qa8 Ke7 55. Kf2
Nf6 56. Kg3 Qb6 57. Kg2 Qd4 58. Qb7+ Kf8 59. Qc6 Qd2+ 60. Kg3 Kg7 61. Qb7
Nh7 62. Qc8 Qf4+ 0-1

[Event "World Blitz"]
[Site "Moscow RUS"]
[Date "2007.11.21"]
[Round "9"]
[White "Kasimdzhanov,R"]
[Black "Adams,Mi"]
[Result "1/2-1/2"]
[WhiteElo "2690"]
[BlackElo "2729"]
[EventDate "2007.11.21"]

1. d4 Nf6 2. c4 e6 3. Nf3 b6 4. g3 Ba6 5. b3 Bb7 6. Bg2 Bb4+ 7. Bd2 a5 8.
O-O O-O 9. Nc3 d6 10. Qc2 Nbd7 11. Rfe1 Bxc3 12. Bxc3 Be4 13. Qb2 Qb8 14.
a4 Qb7 15. Rad1 h6 16. Qc1 Rad8 17. Bb2 Rfe8 18. Qc3 Qa8 19. Nh4 Bxg2 20.
Nxg2 e5 21. d5 Nc5 22. Qc2 Qc8 23. e4 Qh3 24. f3 h5 25. Re3 Nh7 26. Nh4 Nf8
27. Bc1 Ng6 28. Nf5 Ne7 29. Nh4 Ng6 30. Nxg6 fxg6 31. Rc3 Rd7 32. Qg2 Qxg2+
33. Kxg2 Rf7 34. Bg5 Na6 35. Re1 Nc5 36. Rce3 Kf8 37. f4 Nd7 38. h3 Kg8 39.
Rf1 Ref8 40. Ref3 Re8 41. Re3 Ref8 42. Rff3 Re8 43. Rf1 Ref8 1/2-1/2

[Event "World Blitz"]
[Site "Moscow RUS"]
[Date "2007.11.21"]
[Round "9"]
[White "Rublevsky,S"]
[Black "Leko,P"]
[Result "1/2-1/2"]
[WhiteElo "2676"]
[BlackElo "2755"]
[EventDate "2007.11.21"]

1. e4 e5 2. Nf3 Nc6 3. d4 exd4 4. Nxd4 Bc5 5. Be3 Qf6 6. c3 Nge7 7. Qd2 a6
8. Bc4 O-O 9. O-O Ne5 10. Bb3 d5 11. exd5 Qg6 12. Kh1 Ng4 13. Bf4 Bd6 14.
Na3 Qh5 15. Bxd6 cxd6 16. Qf4 Ne5 17. Rad1 b5 18. Nc6 N7g6 19. Qg3 Bd7 20.
Nxe5 Nxe5 21. Nc2 Rfe8 22. Nd4 a5 23. Rde1 Qg6 24. Bc2 Qxg3 25. hxg3 g6 26.
Be4 Nc4 27. Bd3 Rab8 28. Bxc4 bxc4 29. Rxe8+ Bxe8 30. Re1 Kf8 31. Re2 Rc8
32. Rd2 Bd7 33. f3 Rc5 34. Nc2 Bf5 35. Ne3 Bd3 36. Kg1 a4 37. Kf2 Bb1 38.
a3 Bd3 39. g4 Kg7 40. g5 h6 41. Ng4 Rxd5 42. Ke3 Rb5 43. Nf2 Bf1 44. g4 Rb7
45. Rd1 Re7+ 46. Kf4 Be2 47. Re1 f6 48. Kg3 Re5 49. Nh3 Bd3 1/2-1/2

[Event "World Blitz"]
[Site "Moscow RUS"]
[Date "2007.11.21"]
[Round "9"]
[White "Bacrot,E"]
[Black "Shirov,A"]
[Result "1-0"]
[WhiteElo "2695"]
[BlackElo "2739"]
[EventDate "2007.11.21"]

1. d4 Nf6 2. Nf3 g6 3. Bg5 Bg7 4. Nbd2 O-O 5. e4 d5 6. Bd3 dxe4 7. Nxe4
Nxe4 8. Bxe4 c5 9. Be3 f5 10. Bd3 f4 11. Bd2 cxd4 12. Bc4+ Kh8 13. h4 Bg4
14. Qe2 Nc6 15. h5 gxh5 16. Be6 d3 17. Qe4 Bxe6 18. Rxh5 Bg8 19. O-O-O e6
20. Rdh1 Rf5 21. c4 Nd4 22. Ng5 Qxg5 23. Rxg5 Rxg5 24. Qxd3 Rxg2 25. Bxf4
Rf8 26. Bg3 Rf3 27. Qe4 Rfxg3 28. fxg3 Rxg3 29. Qxb7 e5 30. c5 Rg6 31. b4
a6 32. a4 h6 33. Kd2 Rg3 34. Qxa6 Nb3+ 35. Ke2 Nd4+ 36. Kd2 e4 37. Rxh6+
Bxh6+ 38. Qxh6+ Bh7 39. Qf6+ Kg8 40. Qd8+ Kf7 41. Qc7+ 1-0